| 000 | 00563nam a22001937a 4500 | ||
|---|---|---|---|
| 003 | NUST | ||
| 005 | 20250217160338.0 | ||
| 008 | 170925b xxu||||| |||| 00| 0 eng d | ||
| 040 | _cNUST | ||
| 082 | _a200 | ||
| 100 |
_aNoreen,Tahira _94969 |
||
| 245 |
_aSome causes of depression in rural Pakistani women/ _cTahira Noreen, |
||
| 260 |
_aIslamabad _c2013 |
||
| 300 | _a50p. | ||
| 600 |
_xMS- Economics _9127866 |
||
| 700 |
_aSupervisor: Dr. Ather Maqsood Ahmed _9124809 |
||
| 856 | _u http://10.250.8.41:8080/xmlui/handle/123456789/3531 | ||
| 942 |
_2ddc _cSC |
||
| 999 |
_c331344 _d331344 |
||